书目信息 |
| 题名: |
洛阳考古集成
|
|
| 作者: | 杨作龙 , 毛阳光 主编 ;洛阳师范学院河河洛文化国际研究中心 编 | |
| 分册: | ||
| 出版信息: | 北京 北京图书馆出版社 2007.06 |
|
| 页数: | 453页 | |
| 开本: | 29cm | |
| 丛书名: | ||
| 单 册: | ||
| 中图分类: | K872.613 | |
| 科图分类: | ||
| 主题词: | 考古发掘--kao gu fa jue--发掘报告--洛阳市--汇编 | |
| 电子资源: | ||
| ISBN: | 978-7-5013-3475-9 | |
| 000 | 01134nam0 2200265 450 | |
| 001 | 012010506071 | |
| 005 | 20100102090329.29 | |
| 010 | @a978-7-5013-3475-9@dCNY60.00 | |
| 100 | @a20100102d2007 em y0chiy0120 ea | |
| 101 | 0 | @achi |
| 102 | @aCN@b110000 | |
| 105 | @aa z 000yy | |
| 106 | @ar | |
| 200 | 1 | @a洛阳考古集成@Aluo yang kao gu ji cheng@e补编@f洛阳师范学院河河洛文化国际研究中心编@Fluo yang shi fan xue yuan he he luo wen hua guo ji yan jiu zhong xin bian@g杨作龙, 毛阳光主编@Gyang zuo long,mao yang guang zhu bian |
| 210 | @a北京@c北京图书馆出版社@d2007.06 | |
| 215 | @a453页@c图@d29cm | |
| 330 | @a本书是《洛阳考古集成·夏商周卷》和《洛阳考古集成·隋唐五代卷》的补充。收录以上两卷的遗漏及新近发表的有关考古发掘报告。 | |
| 517 | 1 | @a补编@Abu bian |
| 606 | 0 | @a考古发掘@Akao gu fa jue@x发掘报告@y洛阳市@j汇编 |
| 690 | @aK872.613@v4 | |
| 701 | 0 | @a杨作龙@Ayang zuo long@4主编 |
| 701 | 0 | @a毛阳光@Amao yang guang@4主编 |
| 712 | 02 | @a洛阳师范学院河河洛文化国际研究中心@Aluo yang shi fan xue yuan he he luo wen hua guo ji yan jiu zhong xin@4编 |
| 801 | 0 | @aCN@bQSSK@c20100102 |
| 905 | @b769606@dK872.613@eY333@f1 | |
| 洛阳考古集成:补编/洛阳师范学院河河洛文化国际研究中心编/杨作龙, 毛阳光主编.-北京:北京图书馆出版社,2007.06 |
| 453页:图;29cm |
| ISBN 978-7-5013-3475-9:CNY60.00 |
| 本书是《洛阳考古集成·夏商周卷》和《洛阳考古集成·隋唐五代卷》的补充。收录以上两卷的遗漏及新近发表的有关考古发掘报告。 |
| ● |
| 相关链接 |
|
|
|
正题名:洛阳考古集成
索取号:K872.613/Y333
 
预约/预借
| 序号 | 登录号 | 条形码 | 馆藏地/架位号 | 状态 | 备注 |
| 1 | 769606 | 207696064 | 社科库309/309社科库 7排4列6层/ [索取号:K872.613/Y333] | 在馆 |